Continuity and change in the post - constitution EU presidency : a new actor in town?
Αποθηκεύτηκε σε:
| Κύριος συγγραφέας: | |
|---|---|
| Συγγραφή απο Οργανισμό/Αρχή: | |
| Άλλοι συγγραφείς: | , |
| Μορφή: | Βιβλίο |
| Γλώσσα: | English |
| Δημοσίευση: |
[Athens] :
Hellenic Centre for European Studies (EKEM),
2005
|
| Σειρά: | Hellenic Centre for European Studies (EKEM, Athens)
; Paper 1 |
| Θέματα: | |
| Ετικέτες: |
Προσθήκη ετικέτας
Δεν υπάρχουν, Καταχωρήστε ετικέτα πρώτοι!
|
MARC
| LEADER | 00000cam a2200000 i 4500 | ||
|---|---|---|---|
| 001 | 1/26184 | ||
| 008 | 060314s2005 eng d | ||
| 020 | |a 960-7849-01-9 | ||
| 035 | |l 10083097 | ||
| 040 | |a GR-MY-UA |b gre |e aacr | ||
| 041 | 0 | |a eng | |
| 082 | 0 | |a 341.2422 |2 (22) | |
| 100 | 1 | |a Μπλαβούκος, Σπύρος. | |
| 245 | 1 | 0 | |a Continuity and change in the post - constitution EU presidency : |b a new actor in town? / |c Spyros Blavoukos ; Dimitris Bourantonis and George Pagoulatos |
| 260 | |a [Athens] : |b Hellenic Centre for European Studies (EKEM), |c 2005 | ||
| 300 | |a 47 σ.; |c 23 εκ. | ||
| 490 | 1 | |a EKEM |v ; Paper 1 | |
| 504 | |a Βιβλιογραφία: σ. 40-45 | ||
| 610 | 2 | 0 | |a European Union |x Reviews. |
| 650 | 0 | 0 | |a Constitutional law |z Europe. |
| 650 | 0 | 0 | |a Presidents. |
| 700 | 1 | |a Μπουραντώνης, Δημήτρης. | |
| 700 | 1 | |a Παγουλάτος, Γιώργος. | |
| 710 | 2 | |a Ελληνικό Κέντρο Ευρωπαϊκών Μελετών. | |
| 830 | 0 | |a Hellenic Centre for European Studies (EKEM, Athens) |v ; Paper 1 | |
| 852 | |a INST |b RHODES |e 20060314 |h 341.2422 ΜΠΛ |p 005400021221 |q 005400021221 |t BK |y 0 | ||
| 852 | |a INST |b RHODES |e 20061010 |h 341.2422 ΜΠΛ |p 005400024141 |q 005400024141 |t BK |y 0 | ||
| 901 | |a BIBL4-2006-1 | ||
| 909 | |a Ρ |b 123370 | ||
| 909 | |a Ρ |b 126972 | ||
| 970 | |a ΚΟΖΑ |b ΜΑΡΙΑ |z 2006/03/14 | ||